[Event "Liverpool op"]
[Site "Liverpool"]
[Date "2007.09.07"]
[Round "7"]
[White "Pg, Mohd Omar Ak Hirawa"]
[Black "Reppen, Ellisiv"]
[Result "1/2-1/2"]
[WhiteElo "2344"]
[BlackElo "1922"]
[PlyCount "195"]
[EventDate "2007.09.03"]
[EventType "swiss"]
[EventRounds "9"]
[EventCountry "ENG"]
[SourceTitle "CBM 120 Extra"]
[Source "ChessBase"]
[SourceDate "2007.11.01"]
[SourceVersion "1"]
[SourceVersionDate "2007.11.01"]
[SourceQuality "1"]

1. e4 e5 2. Nf3 Nc6 3. Bb5 a6 4. Bxc6 dxc6 5. d4 exd4 6. Qxd4 Qxd4 7. Nxd4 Nf6 8. f3 c5 9. Ne2 Be7 10. Nbc3 c6 11. Na4 Nd7 12. Be3 b5 13. Nac3 0-0 14. Rd1 Ne5 15. Bf4 Bf6 16. b3 Be6 17. Kf2 Rfd8 18. Be3 c4 19. Bb6 Rxd1 20. Rxd1 cxb3 21. axb3 Nd7 22. Bd4 c5 23. Bxf6 gxf6 24. Nf4 Ra7 25. Rd6 c4 26. Nxe6 fxe6 27. bxc4 b4 28. Na4 Rc7 29. Ke1 Nc5 30. Nxc5 Rxc5 31. Rxa6 Rxc4 32. Kd2 Kf7 33. Rd6 e5 34. Rd3 Kg6 35. Rb3 Rd4+ 36. Rd3 Rc4 37. Kc1 f5 38. exf5+ Kxf5 39. g3 e4 40. fxe4+ Rxe4 41. Kb2 Kg4 42. Kb3 Kh3 43. Rd5 Kxh2 44. Rh5+ Kxg3 45. Rxh7 Kg4 46. Rb7 Kf5 47. Rb5+ Ke6 48. Rxb4 Re3+ 49. Kc4 Kd6 50. Rb6+ Kc7 51. Rh6 Re4+ 52. Kd5 Re2 53. Rc6+ Kb7 54. Rc4 Rh2 55. Kc5 Rh5+ 56. Kb4 Kb6 57. Rg4 Rb5+ 58. Kc3 Rc5+ 59. Rc4 Rd5 60. Rb4+ Kc6 61. Rb8 Kc7 62. Rh8 Rc5+ 63. Kd3 Rd5+ 64. Kc3 Rc5+ 65. Kb3 Rb5+ 66. Kc4 Rb2 67. Rh2 Kc6 68. Rg2 Kc7 69. Kc5 Ra2 70. Rg7+ Kb8 71. Rg2 Kc7 72. Re2 Ra5+ 73. Kd4 Ra2 74. Kc4 Kc6 75. Kb4 Rb2+ 76. Kc3 Rb5 77. Re6+ Kd5 78. Rh6 Rb8 79. Rh5+ Kc6 80. Kc4 Kd6 81. Rh6+ Kd7 82. Rh5 Kd6 83. Rh6+ Kd7 84. Kd4 Rb5 85. Rh4 Kc6 86. Rh6+ Kd7 87. Rf6 Rb2 88. Rf2 Kd6 89. Rd2 Kc6 90. Kc4 Ra2 91. Kb4 Rb2+ 92. Kc3 Rb5 93. Rh2 Rc5+ 94. Kb4 Rb5+ 95. Ka4 Rb2 96. Rh6+ Kc5 97. Rh8 Kc4 98. Rc8+ 1/2-1/2

[Event "Liverpool op"]
[Site "Liverpool"]
[Date "2007.09.05"]
[Round "4"]
[White "Goodger, Martyn"]
[Black "Pg, Mohd Omar Ak Hirawa"]
[Result "1-0"]
[WhiteElo "2093"]
[BlackElo "2344"]
[PlyCount "89"]
[EventDate "2007.09.03"]
[EventType "swiss"]
[EventRounds "9"]
[EventCountry "ENG"]
[SourceTitle "CBM 120 Extra"]
[Source "ChessBase"]
[SourceDate "2007.11.01"]
[SourceVersion "1"]
[SourceVersionDate "2007.11.01"]
[SourceQuality "1"]

1. e4 c5 2. Nf3 d6 3. Bc4 e6 4. 0-0 Nf6 5. d3 Be7 6. Bb3 0-0 7. c3 Nc6 8. Re1 Qc7 9. d4 cxd4 10. cxd4 e5 11. h3 Na5 12. Bc2 b6 13. Nc3 Bd7 14. Bd3 Nc6 15. Be3 Rfe8 16. Rc1 Qd8 17. d5 Nb4 18. Bf1 a5 19. Nd2 Nxe4 20. Ndxe4 f5 21. Nd2 f4 22. Bxf4 exf4 23. Qf3 Rf8 24. a3 Na6 25. Bxa6 Rxa6 26. Qe2 Bg5 27. Qxa6 f3 28. Nce4 Bxd2 29. Nxd2 Qg5 30. Nxf3 Rxf3 31. Rc8+ Bxc8 32. Qxc8+ Rf8 33. Qe6+ Kh8 34. Qxd6 Qf5 35. Re2 h6 36. Qe6 Qb1+ 37. Kh2 Qf1 38. d6 Rd8 39. Rd2 Qc1 40. Qd5 Qc8 41. d7 Qc7+ 42. g3 a4 43. Qd6 Qc1 44. Qd3 Rf8 45. d8Q 1-0

[Event "Vlissingen HZ op 11th"]
[Site "Vlissingen"]
[Date "2007.08.11"]
[Round "9"]
[White "Van Dort, Lars"]
[Black "Pg, Mohd Omar Ak Hirawa"]
[Result "1/2-1/2"]
[WhiteElo "2109"]
[BlackElo "2344"]
[PlyCount "35"]
[EventDate "2007.08.04"]
[EventType "swiss"]
[EventRounds "9"]
[EventCountry "NED"]
[SourceTitle "CBM 119 Extra"]
[Source "ChessBase"]
[SourceDate "2007.09.04"]
[SourceVersion "1"]
[SourceVersionDate "2007.09.04"]
[SourceQuality "1"]

1. e4 e5 2. Nf3 Nc6 3. Bb5 a6 4. Ba4 Nf6 5. 0-0 Nxe4 6. d4 b5 7. Bb3 d5 8. dxe5 Be6 9. Nbd2 Nc5 10. c3 Be7 11. Bc2 0-0 12. Re1 Bg4 13. h3 Bh5 14. Nf1 f6 15. exf6 Bxf6 16. Ng3 Bf7 17. Be3 Nd7 18. Qd3 1/2-1/2

[Event "Vlissingen HZ op 11th"]
[Site "Vlissingen"]
[Date "2007.08.08"]
[Round "6"]
[White "Pg, Mohd Omar Ak Hirawa"]
[Black "Van der Borgt, Peter"]
[Result "1-0"]
[WhiteElo "2344"]
[BlackElo "2081"]
[PlyCount "53"]
[EventDate "2007.08.04"]
[EventType "swiss"]
[EventRounds "9"]
[EventCountry "NED"]
[SourceTitle "CBM 119 Extra"]
[Source "ChessBase"]
[SourceDate "2007.09.04"]
[SourceVersion "1"]
[SourceVersionDate "2007.09.04"]
[SourceQuality "1"]

1. e4 e5 2. Nf3 Nc6 3. Bb5 Bc5 4. 0-0 Nf6 5. Nxe5 Nxe4 6. Qe2 Nxe5 7. Qxe4 Qe7 8. d4 Ng6 9. Qd3 Bb6 10. c4 c6 11. Ba4 0-0 12. Nc3 Qd6 13. Be3 Bc7 14. f4 b6 15. Ne4 Qb4 16. Bb3 Bb7 17. f5 d5 18. cxd5 cxd5 19. Ng5 Qd6 20. g3 Nh8 21. Bf4 Qf6 22. Nxh7 Kxh7 23. Bxc7 Rfe8 24. Be5 Qh6 25. f6+ g6 26. Ba4 Re6 27. Bd7 1-0

[Event "Vlissingen HZ op 11th"]
[Site "Vlissingen"]
[Date "2007.08.05"]
[Round "3"]
[White "Hugaert, Arthur"]
[Black "Pg, Mohd Omar Ak Hirawa"]
[Result "1/2-1/2"]
[WhiteElo "2041"]
[BlackElo "2344"]
[PlyCount "36"]
[EventDate "2007.08.04"]
[EventType "swiss"]
[EventRounds "9"]
[EventCountry "NED"]
[SourceTitle "CBM 119 Extra"]
[Source "ChessBase"]
[SourceDate "2007.09.04"]
[SourceVersion "1"]
[SourceVersionDate "2007.09.04"]
[SourceQuality "1"]

1. c4 Nf6 2. Nc3 d5 3. cxd5 Nxd5 4. d4 g6 5. e4 Nxc3 6. bxc3 Bg7 7. Bc4 c5 8. Ne2 Nc6 9. Be3 cxd4 10. cxd4 0-0 11. 0-0 Bg4 12. f3 Bd7 13. Rb1 Rc8 14. Bd3 Na5 15. d5 b6 16. Ba6 Ra8 17. Qd2 Bc8 18. Bb5 Bd7 1/2-1/2

[Event "Paris-ch int"]
[Site "Paris"]
[Date "2007.07.15"]
[Round "9"]
[White "Pg, Mohd Omar Ak Hirawa"]
[Black "Onkoud, Abdelaziz"]
[Result "0-1"]
[WhiteElo "2344"]
[BlackElo "2396"]
[PlyCount "88"]
[EventDate "2007.07.07"]
[EventType "swiss"]
[EventRounds "9"]
[EventCountry "FRA"]
[SourceTitle "CBM 119 Extra"]
[Source "ChessBase"]
[SourceDate "2007.09.04"]
[SourceVersion "1"]
[SourceVersionDate "2007.09.04"]
[SourceQuality "1"]

1. e4 c5 2. Nc3 d6 3. f4 Nc6 4. Nf3 e6 5. d4 cxd4 6. Nxd4 Nf6 7. Bc4 Be7 8. Bb3 0-0 9. Be3 d5 10. exd5 exd5 11. Nxc6 bxc6 12. h3 Bb4 13. 0-0 a5 14. Na4 Re8 15. Bd4 Ba6 16. Rf2 Ne4 17. Rf3 Qh4 18. c3 Bd6 19. Be3 Ng3 20. c4 d4 21. Bxd4 Ne2+ 22. Kh1 Bxf4 23. Bf2 Ng3+ 24. Bxg3 Bxg3 25. Qd7 Re7 26. Qd3 Bc7 27. Raf1 Rd8 28. Qf5 Bxc4 29. Bxc4 Qxc4 30. Nc3 Qb4 31. Qh5 f6 32. Qg4 Qxg4 33. hxg4 h6 34. Rc1 Rd4 35. g3 Rxg4 36. Kg2 Rd4 37. Rc2 Red7 38. Ne2 Rd2 39. Rfc3 Be5 40. Rxc6 Bxb2 41. Rxd2 Rxd2 42. Kf3 Be5 43. a4 Ra2 44. Rc4 h5 0-1

[Event "Paris-ch int"]
[Site "Paris"]
[Date "2007.07.10"]
[Round "4"]
[White "Van Delft, Merijn"]
[Black "Pg, Mohd Omar Ak Hirawa"]
[Result "1/2-1/2"]
[WhiteElo "2408"]
[BlackElo "2344"]
[PlyCount "106"]
[EventDate "2007.07.07"]
[EventType "swiss"]
[EventRounds "9"]
[EventCountry "FRA"]
[SourceTitle "CBM 119 Extra"]
[Source "ChessBase"]
[SourceDate "2007.09.04"]
[SourceVersion "1"]
[SourceVersionDate "2007.09.04"]
[SourceQuality "1"]

1. e4 c5 2. Nf3 Nc6 3. d4 cxd4 4. Nxd4 Nf6 5. Nc3 d6 6. Bg5 e6 7. Qd2 Be7 8. 0-0-0 Nxd4 9. Qxd4 0-0 10. f4 Qa5 11. Bc4 b5 12. Bxb5 Rb8 13. e5 dxe5 14. fxe5 Rxb5 15. Nxb5 Qxb5 16. a4 Qd5 17. Qxd5 Nxd5 18. Bxe7 Nxe7 19. Rd6 Ng6 20. Re1 f6 21. exf6 gxf6 22. Red1 Re8 23. c4 Kf7 24. b4 Re7 25. Kb2 e5 26. c5 e4 27. g3 Ne5 28. Kc3 e3 29. Re1 Nf3 30. Re2 Ng1 31. Re1 Nf3 32. Re2 Ng1 33. Re1 e2 34. Rxg1 e1Q+ 35. Rxe1 Rxe1 36. b5 Rc1+ 37. Kb4 Be6 38. Rc6 Bd5 39. Rc7+ Ke6 40. c6 a6 41. Rxh7 axb5 42. axb5 Rc4+ 43. Ka5 Bxc6 44. bxc6 Rxc6 45. Kb4 Kf5 46. Rh4 Kg5 47. Kb3 f5 48. Rc4 Rxc4 49. Kxc4 f4 50. h4+ Kg4 51. gxf4 Kxf4 52. h5 Kg5 53. h6 Kxh6 1/2-1/2

[Event "Asia-ch 5th"]
[Site "Hyderabad"]
[Date "2005.10.08"]
[Round "3"]
[White "Pg, Mohd Omar Ak Hirawa"]
[Black "Harika, Dronavalli"]
[Result "1-0"]
[WhiteElo "2299"]
[BlackElo "2392"]
[PlyCount "121"]
[EventDate "2005.10.05"]
[EventType "swiss"]
[EventRounds "9"]
[EventCountry "IND"]
[SourceTitle "CBM 110"]
[Source "ChessBase"]
[SourceDate "2006.01.31"]
[SourceVersion "1"]
[SourceVersionDate "2006.01.31"]
[SourceQuality "1"]

1. e4 c5 2. Nf3 Nc6 3. Nc3 e5 4. Bc4 Be7 5. d3 d6 6. 0-0 Nf6 7. Ng5 0-0 8. f4 Nd4 9. fxe5 dxe5 10. Rxf6 Bxf6 11. Qh5 Bxg5 12. Bxg5 Qd7 13. h3 b5 14. Nd5 Ne6 15. Nf6+ gxf6 16. Bxf6 Qd4+ 17. Kh2 Qe3 18. Rf1 bxc4 19. Rf3 Qxf3 20. Qxf3 Re8 21. Qg4+ Kf8 22. Qh4 Kg8 23. Bxe5 Nf8 24. Qg5+ Ng6 25. Bc3 a5 26. h4 cxd3 27. cxd3 c4 28. h5 Ra6 29. Qh6 Ne5 30. Qg5+ Ng6 31. dxc4 Rae6 32. hxg6 Rxg6 33. Qxa5 Bb7 34. Qa7 Bc6 35. Qd4 Kf8 36. Qh8+ Ke7 37. Qe5+ Kf8 38. Qh8+ Ke7 39. Bb4+ Ke6 40. Qd4 f5 41. g3 Kf7 42. e5 Rge6 43. Bc3 Rg8 44. Qa7+ Re7 45. Qe3 Rg4 46. Qh6 Re6 47. Qxh7+ Ke8 48. Bd2 Be4 49. b4 Re7 50. Qh8+ Kd7 51. Bh6 Re8 52. Qf6 f4 53. Qd6+ Kc8 54. Qc5+ Kd7 55. Qd4+ Kc8 56. Bxf4 Bf3 57. Qc5+ Kd7 58. Qd6+ Kc8 59. e6 Rh8+ 60. Kg1 Rg7 61. Qb8# 1-0

[Event "Paris-ch"]
[Site "Paris"]
[Date "2005.07.17"]
[Round "9"]
[White "Pg, Mohd Omar Ak Hirawa"]
[Black "Zozulia, Anna"]
[Result "0-1"]
[WhiteElo "2364"]
[BlackElo "2314"]
[PlyCount "98"]
[EventDate "2005.07.10"]
[EventType "swiss"]
[EventRounds "9"]
[EventCountry "FRA"]
[SourceTitle "CBM 107 Extra"]
[Source "ChessBase"]
[SourceDate "2005.09.01"]
[SourceVersion "1"]
[SourceVersionDate "2005.09.01"]
[SourceQuality "1"]

1. e4 g6 2. d4 d6 3. Nc3 Nf6 4. f4 Bg7 5. Nf3 0-0 6. Bd3 Na6 7. 0-0 c5 8. d5 Rb8 9. Qe1 Nb4 10. Qh4 e6 11. dxe6 fxe6 12. e5 Nxd3 13. cxd3 Nd5 14. Qxd8 Rxd8 15. Ne4 Bf8 16. b3 b6 17. Nxd6 Ba6 18. Nc4 Nb4 19. Ng5 Bc8 20. Ba3 Nc2 21. Rac1 Nxa3 22. Nxa3 h6 23. Ne4 Rxd3 24. Rfd1 Ba6 25. Rxd3 Bxd3 26. Nf2 c4 27. Nxc4 Bc5 28. Nd6 Ba6 29. Nde4 Be3 30. Nf6+ Kh8 31. Rc7 Rb7 32. Rc8+ Kg7 33. g3 Rd7 34. Rc7 Rxc7 35. Ne8+ Kf7 36. Nxc7 Be2 37. Kg2 Ke7 38. Ne4 Kd7 39. Nc3 Bd3 40. N7b5 Bd2 41. a4 a6 42. h4 axb5 43. Nxb5 Bc2 44. h5 g5 45. Nd4 Be4+ 46. Kf2 gxf4 47. Ke2 Bc3 48. Nb5 f3+ 49. Kf2 Bb4 0-1

[Event "Paris-ch"]
[Site "Paris"]
[Date "2005.07.15"]
[Round "7"]
[White "Romieux, Sebastien"]
[Black "Pg, Mohd Omar Ak Hirawa"]
[Result "1-0"]
[WhiteElo "2238"]
[BlackElo "2364"]
[PlyCount "55"]
[EventDate "2005.07.10"]
[EventType "swiss"]
[EventRounds "9"]
[EventCountry "FRA"]
[SourceTitle "CBM 107 Extra"]
[Source "ChessBase"]
[SourceDate "2005.09.01"]
[SourceVersion "1"]
[SourceVersionDate "2005.09.01"]
[SourceQuality "1"]

1. e4 e6 2. d4 d5 3. Nd2 Nf6 4. e5 Nfd7 5. Bd3 c5 6. c3 Nc6 7. Ndf3 cxd4 8. cxd4 f6 9. exf6 Nxf6 10. Nh3 Bd6 11. 0-0 Qc7 12. Bg5 0-0 13. Rc1 Qf7 14. Bf4 Bxf4 15. Nxf4 Ne4 16. g3 g5 17. Bxe4 dxe4 18. Nxg5 Qf5 19. Ngxe6 Bxe6 20. Nxe6 Rf6 21. Nf4 Rd8 22. Rc5 Qd7 23. Rg5+ Kh8 24. d5 Rf5 25. Qh5 Nd4 26. Ng6+ Kg7 27. Ne5+ Kh8 28. Rxf5 1-0

[Event "Paris-ch"]
[Site "Paris"]
[Date "2005.07.14"]
[Round "6"]
[White "Pg, Mohd Omar Ak Hirawa"]
[Black "Bagheri, Amir"]
[Result "0-1"]
[WhiteElo "2364"]
[BlackElo "2537"]
[PlyCount "64"]
[EventDate "2005.07.10"]
[EventType "swiss"]
[EventRounds "9"]
[EventCountry "FRA"]
[SourceTitle "CBM 107 Extra"]
[Source "ChessBase"]
[SourceDate "2005.09.01"]
[SourceVersion "1"]
[SourceVersionDate "2005.09.01"]
[SourceQuality "1"]

1. e4 c6 2. d4 d5 3. Nc3 dxe4 4. Nxe4 Nd7 5. Nf3 Ngf6 6. Nxf6+ Nxf6 7. Bc4 Bf5 8. Qe2 e6 9. Bg5 Qa5+ 10. c3 Ne4 11. 0-0 Nxg5 12. Nxg5 Be7 13. b4 Qc7 14. Ne4 0-0 15. f4 a5 16. Ng3 axb4 17. Nxf5 exf5 18. cxb4 Bxb4 19. Qd3 Rad8 20. Rad1 Bc5 21. Qxf5 Bxd4+ 22. Kh1 b5 23. Bd3 g6 24. Qg5 f5 25. Rfe1 Rd7 26. a4 bxa4 27. Bc4+ Kh8 28. Be6 Rd6 29. Qg3 Bb2 30. Qf2 a3 31. Qc5 Rfd8 32. Rb1 Rxe6 0-1

[Event "Paris-ch"]
[Site "Paris"]
[Date "2005.07.10"]
[Round "2"]
[White "Moradiabadi, Elshan"]
[Black "Pg, Mohd Omar Ak Hirawa"]
[Result "1-0"]
[WhiteElo "2485"]
[BlackElo "2364"]
[PlyCount "55"]
[EventDate "2005.07.10"]
[EventType "swiss"]
[EventRounds "9"]
[EventCountry "FRA"]
[SourceTitle "CBM 107 Extra"]
[Source "ChessBase"]
[SourceDate "2005.09.01"]
[SourceVersion "1"]
[SourceVersionDate "2005.09.01"]
[SourceQuality "1"]

1. d4 Nf6 2. Nf3 g6 3. c4 Bg7 4. g3 d5 5. Bg2 dxc4 6. Na3 c5 7. Nxc4 cxd4 8. Nxd4 0-0 9. 0-0 Nd5 10. Nb3 Nb4 11. a3 N4c6 12. Bf4 Qxd1 13. Rfxd1 Nd7 14. Nca5 Nxa5 15. Nxa5 Bxb2 16. Rab1 Be5 17. Bxb7 Bxb7 18. Rxb7 Bxf4 19. gxf4 Nc5 20. Rxe7 Rfc8 21. Re5 Rab8 22. Re7 a6 23. e3 Kf8 24. Ra7 Rb5 25. Nc4 Ne4 26. Ne5 Rb2 27. Rxf7+ Kg8 28. Rdd7 1-0

[Event "United Insurance 8th"]
[Site "Dhaka"]
[Date "2005.04.08"]
[Round "5"]
[White "Murshed, Niaz"]
[Black "Pg, Mohd Omar Ak Hirawa"]
[Result "1-0"]
[WhiteElo "2487"]
[BlackElo "2230"]
[PlyCount "29"]
[EventDate "2005.04.05"]
[EventType "swiss"]
[EventRounds "11"]
[EventCountry "BAN"]
[SourceTitle "CBM 105 Extra"]
[Source "ChessBase"]
[SourceDate "2005.05.01"]
[SourceVersion "1"]
[SourceVersionDate "2005.05.01"]
[SourceQuality "1"]

1. d4 Nf6 2. Nf3 g6 3. c4 Bg7 4. g3 d5 5. cxd5 Nxd5 6. Bg2 c5 7. dxc5 Qa5+ 8. Nfd2 Qxc5 9. Nb3 Qb4+ 10. Bd2 Qd6 11. Na3 Na6 12. Nc4 Qc6 13. 0-0 Nc5 14. Bc3 Bxc3 15. Bxd5 1-0

[Event "SEA Games op 22nd"]
[Site "Ho Chi Minh City"]
[Date "2003.12.13"]
[Round "9"]
[White "Pg, Mohd Omar Ak Hirawa"]
[Black "Lioe, Dede"]
[Result "1/2-1/2"]
[WhiteElo "2200"]
[BlackElo "2406"]
[PlyCount "88"]
[EventDate "2003.12.08"]
[EventType "swiss"]
[EventRounds "9"]
[EventCountry "VIE"]
[SourceTitle "CBM 097 Extra"]
[Source "ChessBase"]
[SourceDate "2004.01.13"]
[SourceVersion "1"]
[SourceVersionDate "2004.01.13"]
[SourceQuality "1"]

1. e4 c5 2. Nf3 Nc6 3. d4 cxd4 4. Nxd4 Nf6 5. Nc3 d6 6. Bc4 Qb6 7. Nb3 e6 8. 0-0 a6 9. Be3 Qc7 10. a4 b6 11. f4 Be7 12. Nd4 Bb7 13. Ba2 0-0 14. f5 Nxd4 15. Qxd4 e5 16. Qd3 Rac8 17. Bg5 Rfe8 18. Bxf6 Bxf6 19. Rad1 Red8 20. Qg3 Qc5+ 21. Kh1 Qb4 22. Bd5 Qxb2 23. Rd3 Bc6 24. Bxc6 Rxc6 25. Nd5 Kf8 26. Qh3 h6 27. Rg3 Rxc2 28. Nxf6 gxf6 29. Qxh6+ Ke7 30. Rg6 Rf2 31. Rg1 fxg6 32. Qh7+ Ke8 33. fxg6 Rd7 34. Qh8+ Ke7 35. g7 Rd8 36. Qh7 Ke6 37. g8Q+ Rxg8 38. Qxg8+ Ke7 39. Qg7+ Ke8 40. Qg8+ Ke7 41. Qg7+ Ke8 42. Qc7 Qd4 43. Qc8+ Ke7 44. Qc7+ Ke8 1/2-1/2

[Event "SEA Games op 22nd"]
[Site "Ho Chi Minh City"]
[Date "2003.12.08"]
[Round "1"]
[White "Megaranto, Susanto"]
[Black "Pg, Mohd Omar Ak Hirawa"]
[Result "1-0"]
[WhiteElo "2437"]
[BlackElo "2200"]
[PlyCount "106"]
[EventDate "2003.12.08"]
[EventType "swiss"]
[EventRounds "9"]
[EventCountry "VIE"]
[SourceTitle "CBM 097 Extra"]
[Source "ChessBase"]
[SourceDate "2004.01.13"]
[SourceVersion "1"]
[SourceVersionDate "2004.01.13"]
[SourceQuality "1"]

1. e4 e5 2. Nf3 Nc6 3. Bb5 a6 4. Ba4 Nf6 5. 0-0 b5 6. Bb3 Nxe4 7. d4 d5 8. dxe5 Be6 9. Nbd2 Bc5 10. c3 0-0 11. Bc2 Nxf2 12. Rxf2 Bxf2+ 13. Kxf2 f6 14. exf6 Qxf6 15. Kg1 Bg4 16. h3 Bh5 17. Nf1 d4 18. Be4 Rae8 19. Ng3 Bg6 20. Bg5 Qd6 21. Bxc6 Qxc6 22. Qxd4 Be4 23. Nxe4 Rxe4 24. Qd2 Qe6 25. Re1 Rxe1+ 26. Qxe1 Qxa2 27. b4 Qd5 28. Qg3 Qd6 29. Qe1 Qd5 30. Be3 Re8 31. Qc1 h6 32. Bd4 Qf5 33. Qd2 Kh7 34. Qf2 Qf4 35. Qc2+ Qe4 36. Qxe4+ Rxe4 37. Be5 c6 38. Kf2 Kg8 39. Bd4 Re8 40. Ne5 a5 41. Nxc6 a4 42. c4 bxc4 43. b5 Kf7 44. b6 Ke6 45. b7 Kd5 46. Ne7+ Kd6 47. Be5+ Kxe7 48. b8Q Rxb8 49. Bxb8 Ke6 50. Ke3 Kd5 51. Ba7 g6 52. Bd4 h5 53. h4 Kd6 1-0

[Event "SEA Games tt 22nd"]
[Site "Ho Chi Minh City"]
[Date "2003.12.07"]
[Round "1"]
[White "Nguyen, Anh Dung"]
[Black "Pg, Mohd Omar Ak Hirawa"]
[Result "1-0"]
[WhiteElo "2540"]
[BlackElo "2200"]
[PlyCount "43"]
[EventDate "2003.12.07"]
[EventType "team-tourn"]
[EventRounds "5"]
[EventCountry "VIE"]
[SourceTitle "CBM 097 Extra"]
[Source "ChessBase"]
[SourceDate "2004.01.13"]
[SourceVersion "1"]
[SourceVersionDate "2004.01.13"]
[SourceQuality "1"]

1. e4 e5 2. Nf3 Nc6 3. Nc3 Nf6 4. Bb5 Bb4 5. 0-0 Nd4 6. Ba4 Nxf3+ 7. Qxf3 0-0 8. d3 c6 9. Bb3 d5 10. exd5 Bxc3 11. bxc3 Nxd5 12. Re1 Nxc3 13. Ba3 Qf6 14. Bxf8 Kxf8 15. Qe3 Nb5 16. Qxe5 Qxe5 17. Rxe5 Nd4 18. Rae1 Bd7 19. Re7 Nxb3 20. Rxd7 Nc5 21. Rc7 Rb8 22. Ree7 1-0

[Event "SEA Games tt 22nd"]
[Site "Ho Chi Minh City"]
[Date "2003.12.07"]
[Round "2"]
[White "Wu, Shaobin"]
[Black "Pg, Mohd Omar Ak Hirawa"]
[Result "1-0"]
[WhiteElo "2528"]
[BlackElo "2200"]
[PlyCount "89"]
[EventDate "2003.12.07"]
[EventType "team-tourn"]
[EventRounds "5"]
[EventCountry "VIE"]
[SourceTitle "CBM 097 Extra"]
[Source "ChessBase"]
[SourceDate "2004.01.13"]
[SourceVersion "1"]
[SourceVersionDate "2004.01.13"]
[SourceQuality "1"]

1. d4 Nf6 2. Nf3 d5 3. c4 c6 4. Nc3 g6 5. Bf4 Bg7 6. e3 0-0 7. Bd3 Bg4 8. 0-0 Nbd7 9. h3 Bxf3 10. Qxf3 e5 11. dxe5 Nh5 12. cxd5 Nxe5 13. Bxe5 Bxe5 14. Bc4 Qb6 15. Rab1 Qb4 16. Bb3 cxd5 17. Nxd5 Qd6 18. Rfd1 Bg7 19. Rd2 Rab8 20. Rbd1 Nf6 21. Nc3 Qe7 22. g4 Qe5 23. Kg2 h5 24. Rd4 b5 25. Qf4 Qxf4 26. Rxf4 a5 27. g5 Nh7 28. h4 a4 29. Bd5 a3 30. Rb1 axb2 31. Nd1 Rbd8 32. e4 Be5 33. Rf3 Kg7 34. Nxb2 f6 35. Nd3 Rb8 36. Nxe5 fxe5 37. Rfb3 Rf4 38. Rxb5 Rbf8 39. R1b2 Rxh4 40. Rb8 Rg4+ 41. Kf1 Rxg5 42. a4 h4 43. Be6 Rh5 44. Kg2 Rxb8 45. Rxb8 1-0

[Event "Budapest FS08 FM-A"]
[Site "Budapest"]
[Date "2003.08.06"]
[Round "5"]
[White "Funke, Reinhard"]
[Black "Pg, Mohd Omar Ak Hirawa"]
[Result "1/2-1/2"]
[WhiteElo "2130"]
[BlackElo "2208"]
[PlyCount "51"]
[EventDate "2003.08.02"]
[EventType "tourn"]
[EventRounds "13"]
[EventCountry "HUN"]
[SourceTitle "CBM 095 Extra"]
[Source "ChessBase"]
[SourceDate "2003.09.04"]
[SourceVersion "1"]
[SourceVersionDate "2003.09.04"]
[SourceQuality "1"]

1. d4 Nf6 2. c4 g6 3. Nf3 Bg7 4. g3 d5 5. cxd5 Nxd5 6. Bg2 c5 7. 0-0 cxd4 8. Nxd4 Qd7 9. Nb3 e6 10. Nc5 Qc7 11. Nd3 0-0 12. Na3 Qe7 13. Qb3 Nc6 14. Bd2 Nd4 15. Qd1 Rd8 16. Nc2 Nxc2 17. Qxc2 Bd7 18. Qb3 Bc6 19. e4 Nb6 20. Bb4 Qd7 21. Nc5 Qd4 22. Rab1 Qc4 23. Rfc1 Qe2 24. Bf1 Qh5 25. Bg2 Qe2 26. Bf1 1/2-1/2